| 000 | 01462nam a22002295a 4500 | ||
|---|---|---|---|
| 003 | OSt | ||
| 005 | 20170115141615.0 | ||
| 008 | 170114s2015 ua fr 000 0 ara d | ||
| 040 |
_aEG-ScBUE _bara _cEG-ScBUE |
||
| 043 | _af-ua--- | ||
| 082 | 0 | 4 |
_a624.10962 _bك و د _222 |
| 110 | 1 |
_aمصر. _bوزارة الإسكان والمرافق والمجتمعات العمرانية. _bالمركز القومي لبحوث الإسكان والبناء. |
|
| 245 | 1 | 2 |
_aالكود المصري لأسس تصميم واشتراطات تنفيذ استخدام البوليمرات المسلحة بالألياف في مجالات التشييد : _bكود رقم 208 / 2005 / _cالمركز القومي لبحوث الإسكان والبناء، وزارة الإسكان والمرافق والمجتمعات العمرانية ؛ اللجنة الدائمة للإعداد الكود المصري. |
| 260 |
_aالقاهرة : _bوزارة الإسكان والمرافق والمجتمعات العمرانية، المركز القومي لبحوث الإسكان والبناء، _c2015. |
||
| 300 |
_a1 مج. (متعدد الترقيم) : _bإيض. ؛ _c28 سم. |
||
| 650 | 7 |
_aهندسة الإنشاءات _zمصر. _2BUEsh |
|
| 650 | 7 |
_aمشروعات التشييد _xتصميم وإنشاء _zمصر. _2BUEsh |
|
| 651 | _2BUEsh | ||
| 653 |
_bENGARC _cJanuary2017 |
||
| 710 | 2 | _aاللجنة الدائمة للإعداد الكود المصري. | |
| 942 | _2ddc | ||
| 999 |
_c23935 _d23907 |
||